01141nam a2200193Ia 4500001001100000003001000011008004100021040002500062041001300087100002800100245005800128250001100186260008300197300001200280500026000292501011400552520026000666650002100926L261-47525IT-CnALBA170116s9999||||xx |||||||||||||| ||und|| aIT-CnALBAcIT-CnALBA aITALIANO aFABRO P. CORNELIO, CSS. 0aL'ESPERIENZA DI DIO. FILOSOFI E TEOLOGI A CONFRONTO.  a1a ed. a PADOVAbIL POLIGRAFO CASA ED. c1996 [1° Ed.:1996 - Ed.Ling.Originale: 1996] a398 p.  aESPERIENZA DI DIO. CURATORI, MORANDI E. PENATTONI R. SENSO E STRUTTURA DELLA PREGHIERA. ARGOMENTO ONTOLOGICO. TEOLOGIA. BARSOTTI D. PANGANO M. MARASSI M. MORANDI E. COCCOLINI G. PRESUPPOSTI METAFISICI IN S. TOMMASO. MORTE DELL'UOMO E PRESENZA DI DIO. TRAS aSocietà San Paolo EM - Piazza San Paolo, 14 - 12051 ALBA (CN) (non commercial uses only) ® Copyright 2017 aESPERIENZA DI DIO. CURATORI, MORANDI E. PENATTONI R. SENSO E STRUTTURA DELLA PREGHIERA. ARGOMENTO ONTOLOGICO. TEOLOGIA. BARSOTTI D. PANGANO M. MARASSI M. MORANDI E. COCCOLINI G. PRESUPPOSTI METAFISICI IN S. TOMMASO. MORTE DELL'UOMO E PRESENZA DI DIO. TRAS aTEOLOGIA SOCIALE